[Event "Mid Bohemia Region-chT 2223"]
[Site "Czech Republic"]
[Date "2023.02.12"]
[Round "8.7"]
[White "Cuvala, Tibor"]
[Black "Dlouhy, Ondrej"]
[Result "1-0"]
[WhiteElo "1644"]
[BlackElo "1903"]
[PlyCount "66"]
[EventDate "2022.10.09"]
[EventType "team-tourn"]
[EventRounds "11"]
[EventCountry "CZE"]
[SourceTitle "EXT 2024"]
[Source "ChessBase"]
[SourceDate "2023.10.10"]
[SourceVersion "1"]
[SourceVersionDate "2023.10.10"]
[SourceQuality "1"]
[WhiteTeam "Zdice"]
[BlackTeam "Nymburk Sokol"]
[WhiteTeamCountry "CZE"]
[BlackTeamCountry "CZE"]

1. d4 Nf6 2. Nf3 g6 3. g3 Bg7 4. Bg2 0-0 5. 0-0 d6 6. c4 Re8 7. Nc3 Nbd7 8. Bg5 c6 9. Qc2 Qc7 10. Rac1 e5 11. dxe5 dxe5 12. Rfd1 Nc5 13. Bxf6 Bxf6 14. b4 Ne6 15. b5 Nd4 16. Nxd4 exd4 17. Ne4 Bg7 18. Qa4 Bf5 19. Nc5 Qb6 20. Nxb7 cxb5 21. Qxb5 Rxe2 22. Nd6 Qxb5 23. cxb5 Rb8 24. Nxf5 gxf5 25. a4 Ra2 26. Ra1 Rxa1 27. Rxa1 Rb6 28. Bc6 Be5 29. Re1 Bd6 30. Re8+ Kg7 31. Rd8 Be5 32. f4 Bf6 33. Re8 h5 1-0

[Event "Mid Bohemia Region-chT 2223"]
[Site "Czech Republic"]
[Date "2022.11.27"]
[Round "4.5"]
[White "Cuvala, Tibor"]
[Black "Forman, Daniel"]
[Result "1-0"]
[WhiteElo "1644"]
[BlackElo "1955"]
[PlyCount "39"]
[EventDate "2022.10.09"]
[EventType "team-tourn"]
[EventRounds "11"]
[EventCountry "CZE"]
[SourceTitle "EXT 2024"]
[Source "ChessBase"]
[SourceDate "2023.10.10"]
[SourceVersion "1"]
[SourceVersionDate "2023.10.10"]
[SourceQuality "1"]
[WhiteTeam "Zdice"]
[BlackTeam "Kostelec nad CL"]
[WhiteTeamCountry "CZE"]
[BlackTeamCountry "CZE"]

1. d4 e6 2. Nf3 c5 3. e3 Nf6 4. Bd3 d5 5. b3 Nc6 6. Bb2 Bd6 7. Nbd2 0-0 8. a3 Qc7 9. c4 Re8 10. dxc5 Bxc5 11. cxd5 Nxd5 12. Bxh7+ Kxh7 13. Qc2+ Kg8 14. Qxc5 b6 15. Qc4 Bb7 16. 0-0 Qe7 17. Rac1 Rac8 18. Qg4 e5 19. Nc4 f6 20. Nh4 1-0

[Event "Mlada Boleslav Region-ch U12"]
[Site "Mlada Boleslav"]
[Date "2017.06.24"]
[Round "3"]
[White "Kubicek, Daniel1111"]
[Black "Cuvala, Tibor"]
[Result "0-1"]
[WhiteElo "1104"]
[BlackElo "1240"]
[PlyCount "54"]
[EventDate "2017.06.24"]
[EventType "swiss"]
[EventRounds "7"]
[EventCountry "CZE"]
[SourceTitle "CBM 179 Extra"]
[Source "ChessBase"]
[SourceDate "2017.08.23"]
[SourceVersion "1"]
[SourceVersionDate "2017.08.23"]
[SourceQuality "1"]

1. e4 e6 2. Nf3 d5 3. e5 Nc6 4. d4 Nge7 5. Nc3 g6 6. Bg5 Bg7 7. Bb5 Qd7 8. Bxe7 Qxe7 9. 0-0 Bd7 10. Bxc6 Bxc6 11. a3 0-0 12. b4 b6 13. Qd2 f6 14. exf6 Bxf6 15. Ne5 Bxe5 16. dxe5 Rad8 17. b5 Bb7 18. Ne2 a6 19. bxa6 Bxa6 20. a4 d4 21. a5 d3 22. cxd3 Bxd3 23. axb6 cxb6 24. Ra3 Qxa3 25. Re1 Qc5 26. Nf4 Ba6 27. Qa2 Rxf4 0-1